000 01116namaa2200313 i 4500
003 EG-GICUC
005 20251206145412.0
008 251206s2007 ua |||jr|||| 000 0 ara d
017 _a2007 / 23218
_bدار الكتب والوثائق القومية (مصر)
020 _a9770712698
040 _aEG-GiCUC
_bara
_cEG-GiCUC
_dEG-GiCUC
_erda
082 0 4 _221
_a814.008
_bA872h
092 0 4 _221
_a814.008
_bA872h
099 _a814.008 A872h
100 1 _aعطية، رجائى
_eمؤلف.
245 1 2 _aالهجرة إلى الوطن /
_cرجائى عطية.
264 _aالقاهرة(مصر) :
_bدار الهلال،
_c2007.
300 _a406 صفحة ؛
_c17 سم
336 _2rdacontent
_atext
337 _2rdamedia
_aUnmediated
338 _2rdacarrier
_avolume
490 _aكتاب الهلال ؛
_v683
504 _aيشتمل على ارجاعات ببليوجرافية.
541 _aد. جابر عصفور ؛
_bالقاهرة ؛
_cإهداء ؛
_d2024.
650 1 7 _aالمقالات العربية
_xمجموعات
_2qrmak
651 1 _2qrmak
905 _aAya
942 _2ddc
_cBK
_e21
_n0
999 _c176523
_d176523